<?xml version="1.0" encoding="UTF-8"?>
<record
    xmlns:xsi="http://www.w3.org/2001/XMLSchema-instance"
    xsi:schemaLocation="http://www.loc.gov/MARC21/slim http://www.loc.gov/standards/marcxml/schema/MARC21slim.xsd"
    xmlns="http://www.loc.gov/MARC21/slim">

  <leader>00727nam a22001937a 4500</leader>
  <datafield tag="999" ind1=" " ind2=" ">
    <subfield code="c">219434</subfield>
    <subfield code="d">219434</subfield>
  </datafield>
  <controlfield tag="003">NUST </controlfield>
  <controlfield tag="005">20180118110450.0</controlfield>
  <controlfield tag="008">150805b        xxu||||| |||| 00| 0 eng d</controlfield>
  <datafield tag="020" ind1=" " ind2=" ">
    <subfield code="a">9788131721933</subfield>
  </datafield>
  <datafield tag="040" ind1=" " ind2=" ">
    <subfield code="c">SNS</subfield>
  </datafield>
  <datafield tag="082" ind1=" " ind2=" ">
    <subfield code="a">530 WOL</subfield>
  </datafield>
  <datafield tag="100" ind1=" " ind2=" ">
    <subfield code="9">4948</subfield>
    <subfield code="a">Wolfson, Richard</subfield>
  </datafield>
  <datafield tag="245" ind1=" " ind2=" ">
    <subfield code="a"> Essential university physics</subfield>
    <subfield code="c">Richard, Wolfson</subfield>
  </datafield>
  <datafield tag="260" ind1=" " ind2=" ">
    <subfield code="c">c 2009</subfield>
  </datafield>
  <datafield tag="650" ind1=" " ind2=" ">
    <subfield code="9">4950</subfield>
    <subfield code="a">Physics</subfield>
    <subfield code="x">-</subfield>
  </datafield>
  <datafield tag="942" ind1=" " ind2=" ">
    <subfield code="2">ddc</subfield>
    <subfield code="c">BK</subfield>
    <subfield code="e">First Impression 2009</subfield>
  </datafield>
  <datafield tag="952" ind1=" " ind2=" ">
    <subfield code="0">0</subfield>
    <subfield code="1">0</subfield>
    <subfield code="2">ddc</subfield>
    <subfield code="4">0</subfield>
    <subfield code="7">0</subfield>
    <subfield code="a">SNS</subfield>
    <subfield code="b">SNS</subfield>
    <subfield code="c">CART</subfield>
    <subfield code="d">2017-02-07</subfield>
    <subfield code="l">1</subfield>
    <subfield code="o">530 WOL</subfield>
    <subfield code="p">SNS0002290</subfield>
    <subfield code="r">2020-09-09</subfield>
    <subfield code="s">2019-03-13</subfield>
    <subfield code="t">2</subfield>
    <subfield code="w">2017-02-07</subfield>
    <subfield code="y">BK</subfield>
  </datafield>
  <datafield tag="952" ind1=" " ind2=" ">
    <subfield code="0">0</subfield>
    <subfield code="1">0</subfield>
    <subfield code="2">ddc</subfield>
    <subfield code="4">0</subfield>
    <subfield code="7">0</subfield>
    <subfield code="a">SNS</subfield>
    <subfield code="b">SNS</subfield>
    <subfield code="c">CART</subfield>
    <subfield code="d">2017-02-07</subfield>
    <subfield code="l">1</subfield>
    <subfield code="m">3</subfield>
    <subfield code="o">530 WOL</subfield>
    <subfield code="p">SNS0002289</subfield>
    <subfield code="r">2022-03-03</subfield>
    <subfield code="s">2021-11-25</subfield>
    <subfield code="t">1</subfield>
    <subfield code="w">2017-02-07</subfield>
    <subfield code="y">BK</subfield>
  </datafield>
</record>
